| 000 | 00810nam a22001937a 4500 | ||
|---|---|---|---|
| 999 |
_c187772 _d187772 |
||
| 008 | 220428b ||||| |||| 00| 0 eng d | ||
| 010 | _aB-744582 | ||
| 020 |
_a9789388322980 _c550.00 |
||
| 035 | _aB-744582 | ||
| 037 |
_adpl _bUppal Book Store |
||
| 082 | _a032.02 | ||
| 245 |
_aLimca book of records, 2020-2022: _bIndia at her best/ _cedited by Vijaya Ghose |
||
| 260 |
_aGurugram _bHachette Book Publishing India Pvt. Ltd. _c2022 |
||
| 270 |
_a4th & 5th Floors, Corporate Center, Plot No. 94,Sector 44 _bGurugram _e122003 |
||
| 300 |
_aviii,504p. _bill. _c27cm(Hb) |
||
| 500 | _aColoured Illustrations and pictures | ||
| 942 |
_2ddc _cRF _h032.02 _mLIM |
||